000 00828cab a2200289 4500
001 ABS58052
008 090401t1997 xxu||||| |||| 00| 0 eng d
035 _a(Sirsi) u82591
041 _aeng
100 _aTaylor, J.
245 4 _aThe implications of EMU for the UK property market
260 _c1997
350 _a0
490 _aProperty Finance & Development
_v9(11) November 1997, 2-4(3)
520 _aDetails the key impacts EMU will have on the property market.
650 _aEMU
650 _aINFLATION
650 _aINSTITUTIONAL INVESTMENT
650 _aINVESTMENT PROPERTY
650 _aPROPERTY INVESTMENT MARKET
650 _aPROPERTY INVESTMENT
650 _aSECURITISATION
690 _aPROPERTY-PROPERTY FINANCE AND INVESTMENT
700 _aGunde, L.
942 _n0
948 _c10/12/1997
999 _c52163
_d52163